LEADER 01261nam a2200241 u 4500 001 000000106947 003 CaOOAMICUS 005 20070912162632.0 008 070912s1985 it u000 u ita u 040 $aPUL$bita$dLDB 111 2 $aCongresso nazionale dei teologi moralisti$n(10 :$d1984 :$cRoma).$0(OLS)http://pul/name/65666 245 10$aOrdine morale e ordine giuridico. Rapporto e distinzione tra diritto e morale :$batti del X congresso nazionale dei teologi moralisti italiani : Roma, 24-27 aprile 1984 /$cAA.VV. 260 $aBologna :$bDehoniane,$c1985. 300 $a222 p. ;$c19 cm 490 1 $aEtica teologica oggi ;$v04 504 $aBibliografia in nota. 650 4$aDiritto$xCongressi.$0(OLS)http://pul/subject/18122 830 0$aEtica teologica oggi ;$v04.$0(OLS)http://pul/title/15062 850 $aPUL 852 $aPUL$W1$xSL Religione 1$y3$m37 A 101$j121094$qStampati$B120243$CPULBib$Z2$F120243 $H53695 $81 941 1 $a8 996 $6245$aOrdine morale e ordine giuridico. Rapporto e distinzione tra diritto e morale :$batti del X congresso nazionale dei teologi moralisti italiani : Roma, 24-27 aprile 1984$9(OLS)http://pul/title/134683 996 $6260$aBologna :$bDehoniane$9(OLS)http://pul/publisher/48655 LEADER 01773nam a2200385 a 4500 001 000000143640 003 CaOOAMICUS 005 20150527132205.0 008 150527s2015 it u000 u ita r 020 $a978-88-13-32471-1 040 $aPUL$bita 082 04$a348.45 100 1 $aConso, Giovanni.$0(OLS)http://pul/name/15769 245 10$aCommentario breve al codice di procedura penale /$cGiovanni Conso, Giulio Illuminati ; con la collaborazione di Rossano Adorno ... [et al.]. 250 $a2. ed. coordinata da Livia Giuliani. 260 $aPadova :$bCEDAM,$c2015. 300 $aXLIX, 3375 p. ;$c24 cm 490 1 $aBreviaria Iuris ;$v06 500 $aTesto su due colonne. 500 $aIn testa al front.: Giovanni Conso, Vittorio Grevi, fondatori dell'opera. 630 04$aCodice di procedura penale$zItalia.$0(OLS)http://pul/subject/20312 650 4$aProcedura penale$zItalia.$0(OLS)http://pul/subject/12686 700 1 $aIlluminati, Giulio,$d1946-$0(OLS)http://pul/name/88153 700 1 $aGiuliani, Livia,$d1966-$0(OLS)http://pul/name/84262 700 1 $aAdorno, Rossano,$d1966-$0(OLS)http://pul/name/92296 700 1 $aGrevi, Vittorio.$0(OLS)http://pul/name/15770 830 0$aBreviaria Iuris ;$v06.$0(OLS)http://pul/title/8521 850 $aPUL 852 $aPUL$W1$xDP2 Diritto e Scienze Sociali 3$y110$m348. 45 COD 1.1.43$j165726$qDDC 21$B166071$CPULBib$Z2$F166071 $H125922 $82 941 1 $a9 996 $6020$a978-88-13-32471-1$9(OLS)http://pul/number/157672 996 $6082$a348.45$9(OLS)http://pul/classification/373 996 $6245$aCommentario breve al codice di procedura penale$9(OLS)http://pul/title/181736 996 $6260$aPadova :$bCEDAM$9(OLS)http://pul/publisher/48126